000 00542nam a22001697a 4500
005 20241125174929.0
008 241125b |||||||| |||| 00| 0 eng d
020 _a8122413285
050 _aQC6 SAT
100 _aSathyaseelan, Hannah
245 _aTextbook of Applied Physics/
_bfor 1st year B.E./B.Tech. Revised Syllabus
_cHannah Sathyaseelan
250 _a2nd ed.
260 _aNew Delhi
_bNew Age International (P) Limited, Publishers
_c2001
300 _ax.438p.
_bill.
_c21.5cm
650 _2Applied Physics
942 _2lcc
_cBK
_e2nd ed.
_n0
999 _c1533
_d1533